[Event "BL2-Nord 1112"]
[Site "Germany"]
[Date "2011.10.23"]
[Round "2.3"]
[White "Reichmann, Hendrik"]
[Black "Rudolf, Henrik"]
[Result "1-0"]
[WhiteElo "2346"]
[BlackElo "2361"]
[PlyCount "115"]
[EventDate "2011.10.02"]
[EventType "team-tourn"]
[EventRounds "9"]
[EventCountry "GER"]
[SourceTitle "EXT 2015"]
[Source "ChessBase"]
[SourceDate "2014.11.20"]
[SourceVersion "1"]
[SourceVersionDate "2014.11.20"]
[SourceQuality "1"]
[WhiteTeam "Neukloster"]
[BlackTeam "Rostock"]
[WhiteTeamCountry "GER"]
[BlackTeamCountry "GER"]

1. d4 Nf6 2. Nc3 d5 3. Bg5 e6 4. e4 Bb4 5. e5 h6 6. Bd2 Bxc3 7. bxc3 Ne4 8. Qg4 Kf8 9. Bd3 Nxd2 10. Kxd2 c5 11. h4 Nd7 12. Rh3 c4 13. Be2 Qe7 14. Nf3 b5 15. a3 a5 16. Qf4 Nb6 17. g4 Na4 18. g5 b4 19. gxh6 gxh6 20. Qf6 Qxf6 21. exf6 Nxc3 22. Ne5 Ne4+ 23. Ke3 Bb7 24. Bh5 Rh7 25. Rf3 b3 26. cxb3 cxb3 27. a4 Rc8 28. Rb1 Rc3+ 29. Kf4 Rxf3+ 30. Bxf3 Nxf6 31. Rxb3 Ba6 32. Rb6 Bf1 33. Rb8+ Kg7 34. Ra8 Ne4 35. Bxe4 dxe4 36. Rxa5 Rh8 37. Ra7 Rf8 38. Kxe4 Kg8 39. a5 h5 40. a6 f6 41. Nd7 Rf7 42. Ra8+ Kg7 43. Nc5 Bc4 44. Rb8 Kg6 45. Rb6 Re7 46. Kf4 Bd5 47. Rb7 Re8 48. Rc7 Rb8 49. Nd7 e5+ 50. dxe5 Rb4+ 51. Ke3 fxe5 52. Rc5 Rb3+ 53. Kd2 Ba8 54. Nxe5+ Kf5 55. Nc4+ Kg4 56. Rc8 Bh1 57. a7 Rb4 58. f3+ 1-0